<The> American Way <An> Introduction to American Culture

Gespeichert in:
Bibliographische Detailangaben
1. Verfasser: Kearny, Edward N.
Weitere Verfasser: Kearny, Mary Ann, Crandall, Jo Ann
Format: Buch
Sprache:Englisch
Veröffentlicht: Englewood Cliffs Prentice Hall 1984
Ausgabe:1. ed.
Schlagworte:
Tags: Tag hinzufügen
Keine Tags, Fügen Sie das erste Tag hinzu!

MARC

LEADER 00000nam a2200000 4500
001 c019274
005 20221207074412.5
020 |a 0-13-031682-2 
041 0 |a eng 
044 |a US 
245 1 0 |a <The> American Way  |b <An> Introduction to American Culture  |c Edward N. Kearny, Mary Ann Kearny, Jo Ann Crandall 
250 |a 1. ed. 
264 1 |a Englewood Cliffs  |b Prentice Hall  |c 1984 
300 |a 241 s. 
610 2 0 |a kultúra 
610 2 0 |a spoločnosť 
610 2 0 |a štýl životný 
610 2 0 |a USA 
100 1 |a Kearny, Edward N. 
700 1 |a Kearny, Mary Ann 
700 1 |a Crandall, Jo Ann